Vida do Padre Francisco de Xavier / (Record no. 179364)

MARC details
000 -LEADER
campo de control de longitud fija 00693nam a2200217 i 4500
001 - NÚMERO DE CONTROL
campo de control 179364
003 - IDENTIFICADOR DE NÚMERO DE CONTROL
campo de control ES-MaACL
005 - FECHA Y HORA DE LA ÚLTIMA TRANSACCIÓN
campo de control 20250829064418.0
008 - DATOS DE LONGITUD FIJA--INFORMACIÓN GENERAL
campo de control de longitud fija 111110s1921 po |||| | por d
080 ## - NÚMERO DE LA CLASIFICACIÓN DECIMAL UNIVERSAL
Número de la Clasificación Decimal Universal 929 Francisco Javier, Santo
100 1# - ENTRADA PRINCIPAL--NOMBRE DE PERSONA
Nombre de persona Lucena, Joao de (
Fechas asociadas al nombre 1550-1602)
9 (RLIN) 148506
245 10 - MENCIÓN DEL TÍTULO
Título Vida do Padre Francisco de Xavier /
Mención de responsabilidad, etc. Lucena.
260 ## - PUBLICACIÓN, DISTRIBUCIÓN, ETC.
Lugar de publicación, distribución, etc. Paris ;
-- Lisboa :
Nombre del editor, distribuidor, etc. Aillaud & Bertrand,
Fecha de publicación, distribución, etc. 1921.
300 ## - DESCRIPCIÓN FÍSICA
Extensión 2 v. ;
Dimensiones 19 cm.
490 1# - MENCIÓN DE SERIE
Mención de serie Antologia portuguesa
505 8# - NOTA DE CONTENIDO CON FORMATO
Nota de contenido con formato Contiene: I: O santo -- II: O descoberto
600 04 - PUNTO DE ACCESO ADICIONAL DE MATERIA--NOMBRE DE PERSONA
Nombre de persona Francisco Javier
Títulos y otros términos asociados al nombre Santo.
9 (RLIN) 52196
830 00 - PUNTO DE ACCESO ADICIONAL DE SERIE-TÍTULO UNIFORME
Título uniforme Antología portuguesa
9 (RLIN) 191079
852 ## - LOCALIZACIÓN
Ubicación ES-MaACL
Número de control de estantería B-11894-95
Holdings
Estatus retirado Estado de pérdida Estado de daño No para préstamo Biblioteca de origen Biblioteca actual Ubicación en estantería Fecha de adquisición Fuente de adquisición Total de préstamos Signatura topográfica completa Código de barras Visto por última vez Precio de reemplazo Tipo de ítem Koha
        Biblioteca del Ateneo de Madrid Biblioteca del Ateneo de Madrid Sala Pecera Planta 2 10/11/2011     F-11894-95 1188426 23/02/2023 23/02/2023 Libro impreso